Zdaňovanie podnikateľských subjektov SR daňou z príjmov fyzických osôb v roku 2000

Daňové príjmy plynúce zo štátneho rozpočtu v SR v rokoch 1993-2000. Daňovníci dane z príjmu fyzických osôb. Zdaňovanie podnikateľských subjektov SR daňou z príjmov fyzických osôb v roku 2000.

Gespeichert in:
Bibliographische Detailangaben
1. Verfasser: Orda-Oravcová, Alica
Format: Buchkapitel
Sprache:Slowakisch
Schlagworte:
Tags: Tag hinzufügen
Keine Tags, Fügen Sie das erste Tag hinzu!

MARC

LEADER 00000naa$a2200000$$$4500
001 0031947
005 20221129113833.4
041 0 |a slo 
044 |a SK 
245 1 0 |a Zdaňovanie podnikateľských subjektov SR daňou z príjmov fyzických osôb v roku 2000  |c Alica Orda-Oravcová 
520 |a Daňové príjmy plynúce zo štátneho rozpočtu v SR v rokoch 1993-2000. Daňovníci dane z príjmu fyzických osôb. Zdaňovanie podnikateľských subjektov SR daňou z príjmov fyzických osôb v roku 2000. 
610 2 0 |a dane z príjmov 
610 2 0 |a osoby fyzické 
610 2 0 |a podnikatelia 
610 2 0 |a zdaňovanie 
610 2 0 |a Slovensko 
610 2 0 |a 2000 
100 1 |a Orda-Oravcová, Alica